000 00507nam a2200181Ia 4500
003 OSt
005 20200925124842.0
008 190216s9999||||xx |||||||||||||| ||und||
020 _a9788189941130
040 _coclc
082 _a570.15195
_bRAM/B
100 _aRamakrishnan, P
_95009
245 0 _aBiostatistics /
_cP Ramakrishnan
260 _bSaras Publications,
_aNagercoil:
_c2009.
300 _a384p
650 _aBotany
942 _cBK
_2ddc
_h570.15195
_iRAM/B
_k570.15195
_mRAM/B
999 _c1747
_d1747